Statistics for All Spider-Man Enemies in the Movies

Click here to take the quiz!

General Stats

  • This quiz has been taken 593 times
    (554 since last reset)
  • The average score is 34 of 44

Answer Stats

GroupHintActor% Correct
Spider-ManCrazy guy with split personalityWillem DafoeGreen Goblin
99%
Spider-Man Into the Spider-VerseUltimate editionN/AGreen Goblin
99%
Spider-Man: No Way HomeIconic laughterWillem DafoeGreen Goblin
99%
Spider-Man 3Takes over Eddie BrockTopher GraceVenom
97%
Venom: Let There Be Carnage3rd times a charm I guess...Tom HardyVenom
97%
VenomBane?Tom HardyVenom
97%
Spider-Man Into the Spider-VerseOctavia now?Kathryn HahnDoctor Octopus
95%
Spider-Man 2"Hello Peter."Alfred MolinaDoctor Octopus
95%
Spider-Man: No Way HomeHe's yellow this timeJaime FoxxElectro
95%
The Amazing Spider-Man 2Blue guy with Flotsum and JetsomJaime FoxxElectro
95%
Spider-Man: No Way HomeWho's ready for the beach?TBDSandman
95%
Spider-Man 3Is good in the endThomas Haden ChurchSandman
95%
The Amazing Spider-ManCreepy scaly dude who's smartRhys IfansLizard
93%
Spider-Man: No Way HomeIs it really him?TBDLizard
91%
Captain America: Civil WarHe's from BrooklynChris EvansCaptain America
89%
Avengers: EndgameThe Mad 2014 TitanJosh BrolinThanos
89%
Avengers: Infinity WarThe Mad TitanJosh BrolinThanos
89%
Spider-Man: Far From HomeQuentin BeckJake GyllenhaalMysterio
88%
MorbiusI'M BA I mean BIRDMAN!Michael KeatonVulture
88%
Spider-Man: HomecomingBirdmanMichael KeatonVulture
88%
Captain America: Civil WarNot Robin HoodJeremy RennerHawkeye
86%
Captain America: Civil WarMetal arm. That's so COOL!Sebastian StanWinter Soldier
86%
Captain America: Civil WarHe's Cap now.Anthony MackieFalcon
85%
Captain America: Civil WarThere's some old film named EmpirePaul RuddAnt-Man
84%
Captain America: Civil WarMagic ladyElizabeth OlsenScarlet Witch
84%
Spider-Man: No Way HomeDe-aged this time back to 2004Alfred MolinaDoctor Octopus
81%
The Amazing Spider-Man 2UnderpantsPaul GiamiattiRhino
81%
Venom: Let There Be CarnageEven creepier now Cheers.Woody HarrelsenCarnage
80%
VenomCreepy cowboyWoody HarrelsonCarnage
80%
MorbiusVampire JokerJared LetoMorbius
69%
The Amazing Spider-Man 2Again. Really?N/AHarry Osborn
68%
Spider-Man 3Dies when he turns good againJames FrancoHarry Osborn
67%
Spider-Man Into the Spider-VerseAlso a Daredevil villainLiev SchreiberKingpin
67%
Spider-Man: HomecomingHe's very shocking to Peter lolBokeem WoodbineShocker
66%
Spider-Man Into the Spider-VerseDeadpool but purple and greenMahershala AliProwler
64%
Spider-Man: HomecomingMiles Morales's uncleDonald GloverAaron Davis
63%
Spider-Man: HomecomingTattoo of his fav animalMichael MandoScorpion
58%
Spider-Man Into the Spider-VerseSpanish for some reason nowN/AScorpion
58%
Kraven the HunterQuicksilver but now? How?Aaron Taylor-JohnsonKraven the Hunter
48%
Avengers: Infinity WarAbove's minions that Peter fightsThomas Vaughn-LawlorEbony Maw
41%
Spider-Man: HomecomingWorks on projects for main villainN/AThe Tinkerer
36%
Avengers: Infinity WarTerry NotaryCull Obsidian
28%
Venom: Let There Be CarnageFemale baddyN/AShriek
23%
Spider-Man: Far From HomeHe's Chameleon in the comicsN/AAleksei Kravinoff
2%

Score Distribution

Percentile by Number Answered

Percent of People with Each Score

Your Score History

You have not taken this quiz since the last reset